000
00316nam a22001337a 4500
008
170403b xxu||||| |||| 00| 0 eng d
020
_a
9789280811087
041
_a
eng
080
_a
574
100
_a
9
101
_a
SHM
245
_a
SUSTAINABLE MANAGEMENT OF HEADWATER RESOURCES
_c
JANSKY, L
942
_2
udc
_c
BK
999
_c
9466
_d
9466